Biggest Cities in the Middle East in 1500 with a Map - Statistics

General Stats
  • This quiz has been taken 571 times
  • The average score is 18 of 31
Answers on the Map
Answers color-coded by a green-red scale on the quiz's map according to % correct below.
 
Answer Stats
Population City % Correct
200k Constantinople
99%
500k Cairo
98%
60k Damascus
96%
35k Alexandria
95%
20k Baghdad
95%
67k Aleppo
90%
34k Mecca
90%
30k Smyrna
90%
35k Mosul
79%
127k Adrianople
77%
45k Isfahan
76%
20k Sana'a
76%
45k Bursa
75%
20k Basra
74%
250k Tabriz
70%
30k Trabzon
64%
60k Shiraz
59%
25k Mashhad
56%
27k Hama
45%
25k Damietta
40%
50k Hormuz
39%
35k Kerman
32%
35k Ardabil
24%
23k Asyut
24%
25k Karaman
24%
35k Hamadan
22%
20k Yazd
22%
30k Rosetta
21%
30k Qazvin
14%
35k Khoy
7%
20k El Mahalla El Kubra
6%
No matching quizzes found
Score Distribution
Percent of People with Each Score
Percentile by Number Answered
Your Score History
You have not taken this quiz